Rusya Ülke Testi - Statistics

General Stats
  • This quiz has been taken 1 006 times
  • The average score is 11 of 30
Answer Stats
İpucu Cevap % Correct
Başkent Moskova
99%
Şu anki başkan Vladimir Putin
89%
Sovyet bayrağındaki objeler Çekiç
66%
1918’den önceki başkent Sankt-Peterburg
60%
Sovyet bayrağındaki objeler Orak
57%
Sovyetler Birliği’ndeki, CIA ile eşdeğer olan gizli servis KGB
55%
Sovyet bayrağındaki objeler Yıldız
50%
II. Dünya Savaşında "dönüm noktası" savaşı Stalingrad Savaşı
47%
O şehrin komünist ismi Leningrad
46%
Savaş ve Barış yazarı Leo Tolstoy
45%
Asya ve Avrupa’yı ayıran sıradağlar Ural
41%
1812'de Rusya'yı fethetmeyi başaramayan fatih Napolyon
40%
Dünya yörüngesine giren ilk insam Yuri Gagarin
39%
Soçi’nin kıyısı olan deniz Karadeniz
37%
En ünlü Rus ateşli silahı AK-47
35%
“Korkunç” çar IV. İvan
30%
Dünya yörüngesine giren ilk uydu Sputnik
29%
“Büyük” çarlar I. Petro
28%
Başkanın resmi konutu Moskova Kremlini
28%
Avrupa Rusyası'nın en uzun nehri Volga
24%
Sovyet cezai çalışma/hapis kamplarına verilen isim Gulag
23%
Pasifik kıyısındaki en büyük Rus şehri Vladivostok
18%
“Büyük” çarlar II. Katerina
12%
Asya ve Avrupa’yı ayıran sıradağlar Kafkas
12%
Çay yapmak için kullanılan metal su ısıtıcısı Semaver
11%
Çaykovski tarafından yazılan Noel balesi Fındıkkıran
8%
Geleneksel havyar için kullanılan balık Mersin balığı
8%
En ünlü bale tiyatrosu Bolşoy Tiyatrosu
6%
Rusya'nın geniş doğu bölgesi Siberya
6%
En yüksek dağ Elbrus Dağı
5%
No matching quizzes found
Score Distribution
Percent of People with Each Score
Percentile by Number Answered
Your Score History
You have not taken this quiz